[Event "Ruhrgebiet Verbandsklasse Gruppe 3 1718"]
[Site "Germany"]
[Date "2018.01.14"]
[Round "5.8"]
[White "Schmidt, Christian"]
[Black "Birnkraut, Tim"]
[Result "0-1"]
[WhiteElo "1725"]
[BlackElo "1892"]
[PlyCount "74"]
[EventDate "2017.09.17"]
[EventType "team-tourn"]
[EventRounds "9"]
[EventCountry "GER"]
[SourceTitle "EXT 2022"]
[Source "ChessBase"]
[SourceDate "2021.10.06"]
[SourceVersion "1"]
[SourceVersionDate "2021.10.06"]
[SourceQuality "1"]
[WhiteTeam "Hervest Dorsten"]
[BlackTeam "Brackel SF III"]
[WhiteTeamCountry "GER"]
[BlackTeamCountry "GER"]

1. Nf3 d5 2. c4 c6 3. g3 Nf6 4. b3 h6 5. Bg2 Bf5 6. Bb2 e6 7. 0-0 Bd6 8. d3 0-0 9. Nbd2 Bc7 10. Rc1 Bh7 11. Rc2 Nbd7 12. Qa1 Re8 13. Ne5 Nxe5 14. Bxe5 Bxe5 15. Qxe5 Nd7 16. Qd6 Nf6 17. Qe5 Nd7 18. Qd6 Qe7 19. Qxe7 Rxe7 20. Nf3 Rd8 21. b4 Nb6 22. Nd2 dxc4 23. Nxc4 Rd4 24. Nxb6 axb6 25. a3 b5 26. Rc3 Re8 27. Ra1 Ra8 28. Kf1 Rxb4 29. Ke1 Rba4 30. Kd2 b4 31. Rxc6 bxc6 32. Bxc6 Rxa3 33. Rb1 Rb8 34. Rb2 b3 35. Bf3 Ra2 36. Kc3 Rxb2 37. Kxb2 f6 0-1

[Event "GER-chT U20"]
[Site "Borken"]
[Date "2016.12.27"]
[Round "2.5"]
[White "Birnkraut, Tim"]
[Black "Dittmar, Lars"]
[Result "0-1"]
[WhiteElo "1878"]
[BlackElo "1834"]
[PlyCount "64"]
[EventDate "2016.12.27"]
[EventType "team-swiss"]
[EventRounds "7"]
[EventCountry "GER"]
[SourceTitle "EXT 2018"]
[Source "ChessBase"]
[SourceDate "2017.10.13"]
[SourceVersion "1"]
[SourceVersionDate "2017.10.13"]
[SourceQuality "1"]
[WhiteTeam "Brackel"]
[BlackTeam "Darmstadt"]
[WhiteTeamCountry "GER"]
[BlackTeamCountry "GER"]

1. e4 c5 2. c3 d5 3. exd5 Qxd5 4. d4 cxd4 5. cxd4 Nc6 6. Nf3 e6 7. Nc3 Qd8 8. Be3 Nf6 9. h3 Bb4 10. Bd3 0-0 11. 0-0 b6 12. a3 Be7 13. Rc1 Bb7 14. Bb1 Nd5 15. Qd3 f5 16. Ba2 Kh8 17. Bd2 Nxc3 18. Qxc3 Bf6 19. Qc2 Nxd4 20. Nxd4 Bxd4 21. Bxe6 Qf6 22. Qc7 Bxg2 23. Kxg2 Qxe6 24. Bc3 Qe4+ 25. Kh2 Rac8 26. Qg3 Rc6 27. Bxd4 Rg6 28. Bxg7+ Rxg7 29. f3 Qd4 30. Qf2 Qf4+ 31. Kh1 Rg3 32. Qh2 Qh4 0-1

[Event "Ruhrgebiet Verbandsklasse Gruppe 3 1617"]
[Site "Germany"]
[Date "2016.10.30"]
[Round "3.4"]
[White "Artz, Klaus"]
[Black "Birnkraut, Tim"]
[Result "1/2-1/2"]
[WhiteElo "1893"]
[BlackElo "1878"]
[PlyCount "86"]
[EventDate "2016.09.04"]
[EventType "team-tourn"]
[EventRounds "9"]
[EventCountry "GER"]
[SourceTitle "EXT 2022"]
[Source "ChessBase"]
[SourceDate "2021.10.06"]
[SourceVersion "1"]
[SourceVersionDate "2021.10.06"]
[SourceQuality "1"]
[WhiteTeam "Hoentrop SG"]
[BlackTeam "Brackel SF III"]
[WhiteTeamCountry "GER"]
[BlackTeamCountry "GER"]

1. Nf3 d5 2. d4 Nf6 3. e3 e6 4. Bd3 c5 5. b3 Nc6 6. Bb2 Nb4 7. Be2 Bd7 8. a3 Nc6 9. Nbd2 Bd6 10. Ne5 cxd4 11. exd4 0-0 12. Bd3 Qc7 13. f4 Ne8 14. 0-0 f5 15. Ndf3 Nf6 16. c4 b6 17. Rc1 Qb7 18. Qe2 Na5 19. Nd2 Ne4 20. Bxe4 fxe4 21. Rc3 Bxe5 22. fxe5 Rxf1+ 23. Nxf1 Be8 24. Qg4 Qe7 25. cxd5 exd5 26. Ne3 Bd7 27. Rc7 Bxg4 28. Rxe7 Kf8 29. Rc7 Be6 30. b4 Nc4 31. Nxc4 dxc4 32. Bc3 Bd5 33. Kf2 a6 34. a4 Rb8 35. Ke3 b5 36. a5 Bb7 37. e6 Bd5 38. e7+ Ke8 39. Rc5 Ba8 40. d5 Kxe7 41. Kxe4 Re8 42. Be5 Kf7 43. Kd4 Re7 1/2-1/2

[Event "GER-chT U16"]
[Site "Magdeburg"]
[Date "2014.12.30"]
[Round "7.2"]
[White "Birnkraut, Tim"]
[Black "Savchenko, Daniel"]
[Result "1/2-1/2"]
[WhiteElo "2053"]
[BlackElo "1932"]
[PlyCount "85"]
[EventDate "2014.12.27"]
[EventType "team-swiss"]
[EventRounds "7"]
[EventCountry "GER"]
[SourceTitle "EXT 2016"]
[Source "ChessBase"]
[SourceDate "2015.10.08"]
[SourceVersion "1"]
[SourceVersionDate "2015.10.08"]
[SourceQuality "1"]
[WhiteTeam "Brackel"]
[BlackTeam "Duesseldorf"]
[WhiteTeamCountry "GER"]
[BlackTeamCountry "GER"]

1. e4 e5 2. Nf3 d6 3. d4 exd4 4. Nxd4 Nf6 5. Nc3 Be7 6. Bc4 0-0 7. 0-0 c6 8. a4 a5 9. h3 Re8 10. Re1 Bf8 11. Bg5 Nbd7 12. Nf3 h6 13. Bh4 Qc7 14. Bg3 Ne5 15. Nxe5 dxe5 16. Qe2 Bc5 17. Na2 Be6 18. Nc1 Ba7 19. Bxe6 Rxe6 20. Nd3 Nd7 21. Red1 Kh8 22. Kh1 Ree8 23. f3 f6 24. Bf2 Bb6 25. Rd2 Rad8 26. Rad1 Kh7 27. Qf1 Bxf2 28. Qxf2 b6 29. Ra1 c5 30. Nc1 Nb8 31. Na2 Rxd2 32. Qxd2 Rd8 33. Qe2 Nc6 34. Nc3 Nd4 35. Qf2 Qb7 36. Rc1 Qc6 37. Qf1 c4 38. Qf2 Rd6 39. Ra1 Rd8 40. Kh2 Rd6 41. Kh1 Qd7 42. Rd1 Qc6 43. Ra1 1/2-1/2

[Event "GER-chT U16"]
[Site "Magdeburg"]
[Date "2014.12.27"]
[Round "1.2"]
[White "Birnkraut, Tim"]
[Black "Feyer, Leon"]
[Result "1-0"]
[WhiteElo "2053"]
[BlackElo "1765"]
[PlyCount "179"]
[EventDate "2014.12.27"]
[EventType "team-swiss"]
[EventRounds "7"]
[EventCountry "GER"]
[SourceTitle "EXT 2016"]
[Source "ChessBase"]
[SourceDate "2015.10.08"]
[SourceVersion "1"]
[SourceVersionDate "2015.10.08"]
[SourceQuality "1"]
[WhiteTeam "Brackel"]
[BlackTeam "Berlin Empor"]
[WhiteTeamCountry "GER"]
[BlackTeamCountry "GER"]

1. e4 e5 2. Nf3 Nc6 3. Bc4 Bc5 4. c3 Nf6 5. d4 exd4 6. e5 d5 7. Be2 Ne4 8. cxd4 Bb4+ 9. Nbd2 Bg4 10. 0-0 0-0 11. Nb3 f6 12. a3 Be7 13. exf6 Bxf6 14. Be3 Qd6 15. Rc1 Ne7 16. Qc2 c6 17. h3 Bh5 18. Nbd2 Bg6 19. Bd3 Qe6 20. Rce1 Nxd2 21. Bxd2 Qd6 22. Bb4 Bxd3 23. Qxd3 Qc7 24. Re2 a5 25. Bd2 Ng6 26. Rfe1 Nf4 27. Bxf4 Qxf4 28. Qb3 Bxd4 29. Nxd4 Qxd4 30. Qxb7 Rab8 31. Qxc6 Rxb2 32. Rxb2 Qxb2 33. Qxd5+ Kh8 34. Qc5 Kg8 35. f3 Qd2 36. Qe3 Qb2 37. Qe6+ Kh8 38. Qd6 Rb8 39. Qc6 h6 40. Re8+ Rxe8 41. Qxe8+ Kh7 42. Qe4+ Kg8 43. Qa8+ Kh7 44. Qxa5 Qc1+ 45. Kf2 Qc2+ 46. Kf1 Qc1+ 47. Ke2 Qb2+ 48. Qd2 Qe5+ 49. Kf2 Qc5+ 50. Qe3 Qc2+ 51. Kg3 Qg6+ 52. Kh2 Qd6+ 53. g3 Qb8 54. h4 Kh8 55. a4 Qb2+ 56. Kh3 Qa1 57. Qe8+ Kh7 58. Qe4+ Kh8 59. h5 Qa3 60. Kg4 Qc5 61. Qf4 Qc8+ 62. Kh4 Qd8+ 63. Kh3 Qa5 64. Qb8+ Kh7 65. Qb5 Qc3 66. Qf5+ Kh8 67. a5 Qa3 68. Qd5 Kh7 69. Qe4+ Kh8 70. Qa8+ Kh7 71. a6 Qc5 72. Qe4+ Kh8 73. Qe8+ Kh7 74. Qg6+ Kh8 75. f4 Qg1 76. Qe8+ Kh7 77. Qe4+ Kh8 78. Qa8+ Kh7 79. a7 Qf1+ 80. Kh4 Qe2 81. Qb7 Qh2+ 82. Kg4 Qe2+ 83. Qf3 Qe6+ 84. f5 Qc4+ 85. Kh3 Qc1 86. a8Q Qg5 87. Qae4 Qf6 88. Qe6 Qf7 89. Qg6+ Qxg6 90. fxg6+ 1-0

[Event "Ruhrgebiet Verbandsliga Gruppe 2 1415"]
[Site "Germany"]
[Date "2014.09.21"]
[Round "1.2"]
[White "Torres Kuckel, Rafael"]
[Black "Birnkraut, Tim"]
[Result "1-0"]
[WhiteElo "2195"]
[BlackElo "2053"]
[PlyCount "111"]
[EventDate "2014.09.21"]
[EventType "team-tourn"]
[EventRounds "9"]
[EventCountry "GER"]
[SourceTitle "EXT 2022"]
[Source "ChessBase"]
[SourceDate "2021.10.06"]
[SourceVersion "1"]
[SourceVersionDate "2021.10.06"]
[SourceQuality "1"]
[WhiteTeam "Ahlen SV"]
[BlackTeam "Brackel SF II"]
[WhiteTeamCountry "GER"]
[BlackTeamCountry "GER"]

1. e4 e5 2. Nf3 Nc6 3. Bb5 a6 4. Ba4 Nf6 5. 0-0 Be7 6. Re1 b5 7. Bb3 d6 8. c3 0-0 9. h3 Nb8 10. d4 Nbd7 11. Nbd2 c5 12. Nf1 Re8 13. Ng3 g6 14. Bg5 Bb7 15. Qd2 Bf8 16. Rad1 Qc7 17. d5 c4 18. Bc2 Bg7 19. Bh6 Nc5 20. Bxg7 Kxg7 21. Nf5+ Kg8 22. Qh6 gxf5 23. Qg5+ Kf8 24. Qxf6 f4 25. Ng5 Kg8 26. Qf5 f6 27. Qxf6 Rf8 28. Qh6 Qe7 29. Ne6 Rf6 30. Qg5+ Kh8 31. Nxc5 Rg8 32. Qh5 dxc5 33. Kh2 Bc8 34. d6 Qg7 35. Qf3 Rh6 36. d7 Bxd7 37. Rxd7 Qxd7 38. Rd1 Rd6 39. Rd5 Rxd5 40. exd5 Re8 41. Be4 b4 42. Qh5 Re7 43. Qh6 Qe8 44. Qxa6 bxc3 45. bxc3 Rg7 46. Qxc4 Qe7 47. Qb5 Rg8 48. a4 Qc7 49. a5 Rb8 50. Qa6 Rg8 51. Qf6+ Qg7 52. Qc6 Qe7 53. a6 Kg7 54. d6 Qa7 55. Qb7+ Qxb7 56. Bxb7 1-0

[Event "GER-chT U16"]
[Site "Lingen"]
[Date "2013.12.29"]
[Round "6.2"]
[White "Birnkraut, Tim"]
[Black "Ehmann, Thilo"]
[Result "1-0"]
[WhiteElo "1929"]
[BlackElo "1965"]
[PlyCount "129"]
[EventDate "2013.12.27"]
[EventType "team-swiss"]
[EventRounds "7"]
[EventCountry "GER"]
[SourceTitle "EXT 2015"]
[Source "ChessBase"]
[SourceDate "2014.11.20"]
[SourceVersion "1"]
[SourceVersionDate "2014.11.20"]
[SourceQuality "1"]
[WhiteTeam "Brackel"]
[BlackTeam "Sasbach"]
[WhiteTeamCountry "GER"]
[BlackTeamCountry "GER"]

1. e4 e5 2. Nf3 Nc6 3. Bc4 Bc5 4. c3 Nf6 5. d4 exd4 6. cxd4 Bb4+ 7. Bd2 Bxd2+ 8. Nbxd2 d5 9. exd5 Nxd5 10. Qb3 Nce7 11. 0-0 0-0 12. Rfe1 c6 13. a4 Qb6 14. a5 Qc7 15. Ne4 Bf5 16. Ng3 Be6 17. Ng5 Qf4 18. Nf3 Rab8 19. Re4 Qc7 20. Ng5 Bc8 21. Rae1 h6 22. Nf3 Be6 23. Qa3 Nf4 24. Bxe6 Nxe6 25. Re5 Nd5 26. Rc1 Rbd8 27. Ree1 Ndf4 28. Rcd1 Rd5 29. b4 Rfd8 30. Qa1 Ng5 31. Qc3 Nfe6 32. Ne2 Nxf3+ 33. Qxf3 Qd6 34. Qc3 Nxd4 35. Nxd4 Rxd4 36. Rxd4 Qxd4 37. Qxd4 Rxd4 38. Rb1 a6 39. g3 Rd5 40. Re1 Rd4 41. Rb1 Kf8 42. Kg2 Ke7 43. Kf3 Kd7 44. Ke3 Rd5 45. Rc1 Kc7 46. Rc4 b6 47. axb6+ Kxb6 48. h4 c5 49. bxc5+ Rxc5 50. Rg4 g6 51. Rb4+ Kc7 52. Rf4 f5 53. Ra4 a5 54. Kd4 Kb6 55. f3 Kb5 56. Rxa5+ Kxa5 57. Kxc5 g5 58. hxg5 hxg5 59. Kd5 f4 60. gxf4 gxf4 61. Ke4 Kb6 62. Kxf4 Kc6 63. Ke5 Kd7 64. Kf6 Ke8 65. f4 1-0

[Event "GER-chT U16"]
[Site "Lingen"]
[Date "2013.12.27"]
[Round "2.2"]
[White "Schimnatkowski, Lukas"]
[Black "Birnkraut, Tim"]
[Result "0-1"]
[WhiteElo "1750"]
[BlackElo "1929"]
[PlyCount "46"]
[EventDate "2013.12.27"]
[EventType "team-swiss"]
[EventRounds "7"]
[EventCountry "GER"]
[SourceTitle "EXT 2015"]
[Source "ChessBase"]
[SourceDate "2014.11.20"]
[SourceVersion "1"]
[SourceVersionDate "2014.11.20"]
[SourceQuality "1"]
[WhiteTeam "Katernberg"]
[BlackTeam "Brackel"]
[WhiteTeamCountry "GER"]
[BlackTeamCountry "GER"]

1. e4 e5 2. d4 exd4 3. Nf3 Nc6 4. Bc4 Nf6 5. e5 d5 6. Bb5 Ne4 7. Nxd4 Bc5 8. 0-0 0-0 9. Bxc6 Bxd4 10. Qxd4 bxc6 11. Nc3 Ng5 12. Bxg5 Qxg5 13. f4 Qf5 14. Na4 a5 15. Rf2 f6 16. Nc5 Rb8 17. c3 fxe5 18. fxe5 Qxf2+ 19. Qxf2 Rxf2 20. Kxf2 Rxb2+ 21. Kf3 Rc2 22. Ke3 Rxc3+ 23. Kd4 Rc4+ 0-1

[Event "Ruhrgebiet Verbandsliga2 1213"]
[Site "Nordrheinwestfalen"]
[Date "2013.02.24"]
[Round "7.6"]
[White "Birnkraut, Tim"]
[Black "Grodotzki, Kenneth"]
[Result "1-0"]
[WhiteElo "1829"]
[BlackElo "1860"]
[PlyCount "81"]
[EventDate "2012.09.02"]
[EventType "team-tourn"]
[EventRounds "9"]
[EventCountry "GER"]
[SourceTitle "EXT 2020"]
[Source "ChessBase"]
[SourceDate "2019.10.17"]
[SourceVersion "1"]
[SourceVersionDate "2019.10.17"]
[SourceQuality "1"]
[WhiteTeam "Brackel SF II"]
[BlackTeam "Muelheim Nord III"]
[WhiteTeamCountry "GER"]
[BlackTeamCountry "GER"]

1. e4 e6 2. d4 d5 3. Nd2 Nf6 4. e5 Nfd7 5. Bd3 c5 6. c3 Nc6 7. Ndf3 cxd4 8. cxd4 Be7 9. Ne2 f6 10. exf6 Nxf6 11. 0-0 0-0 12. Re1 Ne4 13. Ng3 Nxg3 14. hxg3 Bf6 15. b3 g6 16. Bb2 a6 17. Rc1 Qe7 18. Bb1 Qg7 19. Rc2 Bd7 20. Rce2 Rf7 21. Qd2 g5 22. a4 g4 23. Ne5 Nxe5 24. dxe5 Be7 25. Qd4 Rc8 26. Rc1 Rff8 27. Rec2 Rxc2 28. Rxc2 Rc8 29. Rxc8+ Bxc8 30. Qc3 Bd7 31. Qc7 Bc6 32. Qc8+ Kf7 33. Qc7 Kg8 34. Qc8+ Kf7 35. Bf5 Qh6 36. Bxg4 Qg6 37. Bh3 Qb1+ 38. Kh2 Qxb2 39. Bxe6+ Kg7 40. Qg8+ Kh6 41. Bf5 1-0

[Event "GER-chT U14"]
[Site "Magdeburg"]
[Date "2012.12.27"]
[Round "1.2"]
[White "Birnkraut, Tim"]
[Black "Dechant, Georg"]
[Result "1-0"]
[WhiteElo "1864"]
[BlackElo "1587"]
[PlyCount "53"]
[EventDate "2012.12.27"]
[EventType "team-swiss"]
[EventRounds "7"]
[EventCountry "GER"]
[SourceTitle "EXT 2014"]
[Source "ChessBase"]
[SourceDate "2013.11.20"]
[SourceVersion "1"]
[SourceVersionDate "2013.11.20"]
[SourceQuality "1"]
[WhiteTeam "Brackel"]
[BlackTeam "Regensburg Bavaria"]
[WhiteTeamCountry "GER"]
[BlackTeamCountry "GER"]

1. e4 c5 2. c3 d5 3. exd5 Qxd5 4. d4 cxd4 5. cxd4 Nc6 6. Nf3 Nf6 7. Be2 Bf5 8. Nc3 Qd7 9. d5 Rd8 10. dxc6 Qc7 11. Qa4 bxc6 12. Qf4 Qa5 13. 0-0 e6 14. Qa4 Qc7 15. Be3 Rd7 16. Bf4 Qb7 17. Ne5 Rc7 18. Nc4 Rc8 19. Bd6 Qa8 20. Rad1 h5 21. Rfe1 g5 22. Bxf8 Kxf8 23. Nd6 Rc7 24. Nxf5 exf5 25. Qa5 Qb8 26. Qxf5 Kg7 27. Qxg5+ 1-0

[Event "GER-chT U14"]
[Site "Lingen"]
[Date "2011.12.29"]
[Round "6.2"]
[White "Richter, Leonard"]
[Black "Birnkraut, Tim"]
[Result "1/2-1/2"]
[WhiteElo "1846"]
[BlackElo "1729"]
[PlyCount "133"]
[EventDate "2011.12.27"]
[EventType "team-swiss"]
[EventRounds "7"]
[EventCountry "GER"]
[SourceTitle "EXT 2022"]
[Source "ChessBase"]
[SourceDate "2021.10.06"]
[SourceVersion "1"]
[SourceVersionDate "2021.10.06"]
[SourceQuality "1"]
[WhiteTeam "Leipzig Gruen Weiss U14"]
[BlackTeam "Brackel SF U14"]
[WhiteTeamCountry "GER"]
[BlackTeamCountry "GER"]

1. e4 e5 2. Nf3 Nc6 3. d4 exd4 4. Nxd4 Nf6 5. Nxc6 bxc6 6. e5 Qe7 7. Qe2 Nd5 8. c4 Ba6 9. b3 Qh4 10. Bb2 Bb4+ 11. Nd2 0-0 12. a3 Bxd2+ 13. Qxd2 Qe4+ 14. Qe2 Qxe2+ 15. Bxe2 Nf4 16. Bf1 Rab8 17. b4 d5 18. g3 Ng6 19. cxd5 Bxf1 20. Kxf1 cxd5 21. Rc1 Rfc8 22. Rc5 c6 23. Kg2 Rb5 24. Rhc1 Ne7 25. Bd4 a6 26. R5c3 a5 27. Bc5 Kf8 28. a4 axb4 29. axb5 bxc3 30. Rxc3 Ke8 31. b6 Rb8 32. Bxe7 Kxe7 33. Rxc6 Rb7 34. Kf3 d4 35. Ke4 d3 36. Rc7+ Rxc7 37. bxc7 d2 38. c8Q d1Q 39. Qc7+ Ke8 40. Qc6+ Ke7 41. Qc5+ Ke8 42. h4 Qe2+ 43. Kd5 Qd3+ 44. Kc6 Qd7+ 45. Kb6 Qd8+ 46. Kb7 Qd7+ 47. Kb8 Qd3 48. f4 Qxg3 49. Kc7 g6 50. Qc6+ Kf8 51. Qd6+ Kg7 52. Qf6+ Kg8 53. Kd7 Qd3+ 54. Qd6 Qb5+ 55. Ke7 Qb7+ 56. Kf6 Qc8 57. Ke7 Qb7+ 58. Kd8 Qa8+ 59. Kd7 Qb7+ 60. Qc7 Qd5+ 61. Kc8 Qa8+ 62. Kd7 Qd5+ 63. Qd6 Qb7+ 64. Kd8 Qa8+ 65. Ke7 Qb7+ 66. Qd7 Qb4+ 67. Qd6 1/2-1/2

[Event "GER-ch U12"]
[Site "Oberhof"]
[Date "2010.05.28"]
[Round "9"]
[White "Birnkraut, Tim"]
[Black "Heldt, Ronny"]
[Result "1/2-1/2"]
[WhiteElo "1686"]
[BlackElo "1584"]
[PlyCount "80"]
[EventDate "2010.05.22"]
[EventType "swiss"]
[EventRounds "11"]
[EventCountry "GER"]
[SourceTitle "CBM 136 Extra"]
[Source "ChessBase"]
[SourceDate "2010.07.02"]
[SourceVersion "2"]
[SourceVersionDate "2010.07.15"]
[SourceQuality "1"]

1. e4 e6 2. d4 d5 3. Nd2 c5 4. exd5 Qxd5 5. Ngf3 cxd4 6. Bc4 Qd6 7. 0-0 Nf6 8. Nb3 Nc6 9. Nbxd4 Nxd4 10. Nxd4 Qc7 11. Bd3 Bd7 12. c3 0-0-0 13. Be2 Bd6 14. h3 Bh2+ 15. Kh1 Be5 16. Be3 Bc6 17. Bf3 Bxf3 18. Qxf3 a6 19. Rfd1 Rd7 20. Rd2 Nd5 21. Rdd1 Kb8 22. Nb3 Rhd8 23. Nd4 Rd6 24. Qe4 Bf6 25. Qf3 h6 26. Re1 g5 27. Rac1 Bg7 28. Nb3 f5 29. Bd4 Nf4 30. Bxg7 Qxg7 31. Nd4 Qf6 32. Kh2 e5 33. g3 exd4 34. gxf4 d3 35. Rcd1 d2 36. Re3 R6d7 37. fxg5 hxg5 38. Qe2 Ka7 39. Re6 Qf8 40. Qe3+ Ka8 1/2-1/2

[Event "GER-ch U12"]
[Site "Oberhof"]
[Date "2010.05.26"]
[Round "7"]
[White "Birnkraut, Tim"]
[Black "Manusina, Nicole"]
[Result "0-1"]
[WhiteElo "1686"]
[BlackElo "1789"]
[PlyCount "80"]
[EventDate "2010.05.22"]
[EventType "swiss"]
[EventRounds "11"]
[EventCountry "GER"]
[SourceTitle "CBM 136 Extra"]
[Source "ChessBase"]
[SourceDate "2010.07.02"]
[SourceVersion "2"]
[SourceVersionDate "2010.07.15"]
[SourceQuality "1"]

1. e4 c6 2. d4 d5 3. e5 c5 4. c3 Nc6 5. Bb5 e6 6. Nd2 Qb6 7. Bxc6+ Qxc6 8. f4 Nh6 9. Ne2 Be7 10. Nf3 b6 11. Bd2 Ba6 12. Rc1 Qb5 13. b3 Qd3 14. Nfg1 Bh4+ 15. Kf1 cxd4 16. Qc2 Qxc2 17. Rxc2 d3 18. Rc1 dxe2+ 19. Nxe2 Bxe2+ 20. Kxe2 Be7 21. Kf3 0-0 22. g4 f6 23. exf6 gxf6 24. f5 Nf7 25. fxe6 Ng5+ 26. Ke2 Nxe6 27. h4 Nc5 28. Bh6 Rfe8 29. Kf3 Nd3 30. Rcd1 Ne5+ 31. Kg3 Rac8 32. Bd2 Red8 33. g5 fxg5 34. hxg5 Ng6 35. Rh3 Bd6+ 36. Kg4 Re8 37. Bc1 Re4+ 38. Kf3 Rf8+ 39. Kg2 Re2+ 40. Kh1 Ne5 0-1

[Event "GER-ch U12"]
[Site "Oberhof"]
[Date "2010.05.24"]
[Round "3"]
[White "Borukhson, David"]
[Black "Birnkraut, Tim"]
[Result "0-1"]
[WhiteElo "1414"]
[BlackElo "1686"]
[PlyCount "50"]
[EventDate "2010.05.22"]
[EventType "swiss"]
[EventRounds "11"]
[EventCountry "GER"]
[SourceTitle "CBM 136 Extra"]
[Source "ChessBase"]
[SourceDate "2010.07.02"]
[SourceVersion "2"]
[SourceVersionDate "2010.07.15"]
[SourceQuality "1"]

1. e4 e5 2. Nf3 Nc6 3. Bb5 a6 4. Ba4 b5 5. Bb3 Nf6 6. Ng5 d5 7. exd5 Nd4 8. c3 Nxb3 9. Qxb3 Qxd5 10. Qxd5 Nxd5 11. 0-0 f6 12. Nf3 Bd6 13. Re1 0-0 14. d4 exd4 15. Nxd4 Bd7 16. Nd2 Rfe8 17. Rxe8+ Rxe8 18. N2f3 Nb6 19. Be3 Nc4 20. Bc1 Bg4 21. b4 Bxf3 22. Nxf3 Re2 23. Kf1 Rc2 24. a3 Rxc3 25. g3 Rxf3 0-1

[Event "GER-chT U12"]
[Site "Arendsee"]
[Date "2009.12.29"]
[Round "6.2"]
[White "Birnkraut, Tim"]
[Black "Duchow, Julien"]
[Result "1-0"]
[WhiteElo "1673"]
[BlackElo "1515"]
[PlyCount "97"]
[EventDate "2009.12.27"]
[EventType "team-swiss"]
[EventRounds "7"]
[EventCountry "GER"]
[SourceTitle "EXT 2022"]
[Source "ChessBase"]
[SourceDate "2021.10.06"]
[SourceVersion "1"]
[SourceVersionDate "2021.10.06"]
[SourceQuality "1"]
[WhiteTeam "Brackel SF U12"]
[BlackTeam "Wildeshausen U12"]
[WhiteTeamCountry "GER"]
[BlackTeamCountry "GER"]

1. e4 e5 2. Nf3 Nc6 3. Bc4 Nf6 4. d3 Be7 5. c3 d6 6. 0-0 0-0 7. Nbd2 a6 8. Re1 Na5 9. Bb3 Nxb3 10. Nxb3 Bg4 11. Bg5 h6 12. Bxf6 Bxf6 13. Qe2 Re8 14. d4 exd4 15. cxd4 a5 16. Rad1 a4 17. Nc1 c6 18. Qf1 c5 19. e5 Bxf3 20. gxf3 Bg5 21. dxc5 Bxc1 22. Rxc1 Rxe5 23. Rxe5 dxe5 24. Rd1 Qg5+ 25. Qg2 Rd8 26. Rxd8+ Qxd8 27. Qg3 Qg5 28. Qxg5 hxg5 29. Kf1 f5 30. Ke2 Kf7 31. b4 axb3 32. axb3 Ke6 33. Kd3 Kd5 34. b4 g6 35. h3 f4 36. Kc3 e4 37. fxe4+ Kxe4 38. Kc4 Kf3 39. b5 Kxf2 40. c6 bxc6 41. b6 f3 42. b7 Kg3 43. b8Q+ Kxh3 44. Kd3 g4 45. Ke3 Kg2 46. Qb2+ Kg1 47. Qf2+ Kh1 48. Qg3 c5 49. Kf2 1-0

[Event "GER-ch U12"]
[Site "Willingen"]
[Date "2009.06.03"]
[Round "6"]
[White "Birnkraut, Tim"]
[Black "Schmitt, Carsten"]
[Result "1-0"]
[WhiteElo "1328"]
[BlackElo "1624"]
[PlyCount "121"]
[EventDate "2009.05.30"]
[EventType "swiss"]
[EventRounds "11"]
[EventCountry "GER"]
[SourceTitle "EXT 2010"]
[Source "ChessBase"]
[SourceDate "2010.11.25"]
[SourceVersion "1"]
[SourceVersionDate "2010.11.25"]
[SourceQuality "1"]

1. e4 c5 2. c4 e6 3. Nc3 Nc6 4. Nf3 g6 5. d4 cxd4 6. Nxd4 Bg7 7. Be3 Nge7 8. Be2 a6 9. 0-0 0-0 10. Qd2 Re8 11. Rfd1 Qc7 12. Rac1 b6 13. f3 Bb7 14. Nxc6 Bxc6 15. Qd6 Qxd6 16. Rxd6 Be5 17. Rdd1 Bc7 18. b4 Red8 19. Bg5 Kf8 20. Rd3 Be5 21. Be3 Nc8 22. Bd4 Bxd4+ 23. Rxd4 Ke8 24. Rcd1 Ne7 25. a4 e5 26. Rd6 f5 27. b5 axb5 28. axb5 Nc8 29. bxc6 Nxd6 30. c7 Rdc8 31. Rxd6 Rxc7 32. Rxb6 Rca7 33. Rb1 Kd8 34. Nd5 Ra2 35. Kf1 d6 36. Nf6 Rd2 37. Re1 h6 38. h4 Kc7 39. Nd5+ Kd8 40. Nf6 Kc7 41. Nd5+ Kd8 42. exf5 gxf5 43. Ne3 f4 44. Nf5 h5 45. Rd1 Rxd1+ 46. Bxd1 Ra1 47. Ke1 Rc1 48. Nxd6 Kd7 49. Nf7 Ke6 50. Ng5+ Ke7 51. Ke2 Rxc4 52. Nf7 e4 53. Ne5 exf3+ 54. Kxf3 Rc1 55. Be2 Ke6 56. Nd3 Rh1 57. Nxf4+ Kf5 58. Kg3 Ra1 59. Nxh5 Ra3+ 60. Bf3 Kg6 61. Nf4+ 1-0

[Event "GER-ch U12"]
[Site "Willingen"]
[Date "2009.06.02"]
[Round "5"]
[White "Peil, Christoph"]
[Black "Birnkraut, Tim"]
[Result "1-0"]
[WhiteElo "1756"]
[BlackElo "1328"]
[PlyCount "79"]
[EventDate "2009.05.30"]
[EventType "swiss"]
[EventRounds "11"]
[EventCountry "GER"]
[SourceTitle "EXT 2010"]
[Source "ChessBase"]
[SourceDate "2010.11.25"]
[SourceVersion "1"]
[SourceVersionDate "2010.11.25"]
[SourceQuality "1"]

1. e4 e5 2. Nf3 Nc6 3. Bc4 Bc5 4. c3 Nf6 5. d3 d6 6. Nbd2 0-0 7. 0-0 Na5 8. Bb5 a6 9. Ba4 Nc6 10. Bc2 Bg4 11. Re1 Re8 12. Nf1 h6 13. h3 Bh5 14. Ng3 Bg6 15. Nh2 Rc8 16. Ng4 Nxg4 17. Qxg4 Qf6 18. Re2 Qe6 19. Qf3 Rf8 20. h4 Kh8 21. Bb3 Qd7 22. Nf5 Bxf5 23. exf5 Qd8 24. f6 Qxf6 25. Qxf6 gxf6 26. Bxh6 Rfd8 27. Bxf7 Kh7 28. Be3 Rf8 29. Bd5 Nd8 30. Bxc5 dxc5 31. f4 exf4 32. Rf1 Nc6 33. Bxc6 bxc6 34. Re7+ Kg6 35. Rxf4 Rfd8 36. Rf3 Rh8 37. g3 Rhf8 38. g4 Kh6 39. Re6 Kg7 40. Rxc6 1-0

[Event "GER-ch U12"]
[Site "Willingen"]
[Date "2009.06.01"]
[Round "3"]
[White "Kreyssig, Robert"]
[Black "Birnkraut, Tim"]
[Result "0-1"]
[WhiteElo "1787"]
[BlackElo "1328"]
[PlyCount "98"]
[EventDate "2009.05.30"]
[EventType "swiss"]
[EventRounds "11"]
[EventCountry "GER"]
[SourceTitle "EXT 2010"]
[Source "ChessBase"]
[SourceDate "2010.11.25"]
[SourceVersion "1"]
[SourceVersionDate "2010.11.25"]
[SourceQuality "1"]

1. d4 d5 2. c4 c6 3. cxd5 cxd5 4. Nc3 Nc6 5. Nf3 Nf6 6. Bf4 Qb6 7. Na4 Qa5+ 8. Bd2 Qc7 9. e3 e6 10. Rc1 Bd7 11. Bb5 Bd6 12. 0-0 0-0 13. Nc5 Rac8 14. Qa4 Bxc5 15. Rxc5 Ne4 16. Rc2 Nxd2 17. Nxd2 a6 18. Bxc6 Bxc6 19. Qb3 Qd7 20. Qa3 Bb5 21. Rfc1 Rxc2 22. Rxc2 Rc8 23. Qb3 Rxc2 24. Qxc2 Qc6 25. Qxc6 Bxc6 26. Kf1 Kf8 27. Ke1 Ke7 28. Nb3 b6 29. Kd1 h5 30. Nc1 g5 31. g3 f6 32. Nd3 Bb5 33. Kd2 Bxd3 34. Kxd3 e5 35. dxe5 fxe5 36. f4 gxf4 37. gxf4 Ke6 38. fxe5 Kxe5 39. h3 a5 40. a4 h4 41. b3 Kd6 42. Kd4 Kc6 43. Ke5 Kc5 44. Ke6 d4 45. exd4+ Kxd4 46. Kf5 Kc3 47. Kg4 Kxb3 48. Kxh4 Kxa4 49. Kg5 Kb5 0-1